Нормален изглед
MARC изглед
- Jordan Popgeorgiev
Вход 01. Лично име
001 - Контролен номер на записа
- Контролно поле: 439406
003 - Код на организацията, даваща контролен номер
- Контролно поле: BLK
005 - Дата и час на последна промяна на записа
- Контролно поле: 20210126094736.0
008 - Данни с фиксирана дължина – обща информация
- Данни с фиксирана дължина : 210126|| aca||aabn | a|a d
100 ## - ИМЕ НА ЛИЦЕ -ПЪРВИЧНА ИНТЕЛЕКТУАЛНА ОТГОВОРНОСТ
- Лично име: Jordan Popgeorgiev
942 ## - Системна служебна употреба
- Koha auth type: PERSO_NAME